000 00718nam a22002297a 4500
003 BJBSDDR
005 20260316151544.0
007 ta
008 260316s2018 nyu||||| |||| 00| 0 eng d
020 _a9780143115762
020 _a 0143115766
040 _bspa
_cBJBSDDR
041 _aeng
050 _bD671 2018
100 1 _aDominguez, Joseph R.,
_d1938-1997
_940919
245 1 0 _aYour money or your life :
_b9 steps to transforming your relationship with money and achieving financial independence /
_cJoseph R. Dominguez, Vicki Robin
260 _aNew York :
_bPenguin Books,
_c2018
300 _a329 pages ;
_c20 cm
700 1 _aRobin, Vicki,
_d1945-
_940920
942 _2lcc
_n0
_cBK
946 _icmc
999 _c126594
_d126594